Gor : Kroniky Protizemě. Část 1, Válečník z planety Gor /

Main Author: Norman, John, 1931-
Other Authors: Kejval, Vladimír, 1962-
Language: Czech
Published: Praha : United Fans, 1996
Series: Poutník (United Fans)
Physical Description: 173 s. : il. ; 18 cm
Book
Saved in:
LEADER 01228nam a2200361 a 4500
001 000092263
003 CZ BrMZK
005 20130306094152.0
007 ta
008 960815s1996 xr g f cze d
015 |a cnb000131996 
020 |a 80-85892-09-X 
035 |a (OCoLC)37251610 
040 |a BOA001  |b cze 
072 7 |a 821.111(73)-3  |x Americká próza  |2 Konspekt  |9 25 
080 |a 821.111(73)-31  |2 MRF 
080 |a (0:82-312.9)  |2 MRF 
100 1 |a Norman, John,  |d 1931-  |7 jx20051205015 
245 1 0 |a Gor :  |b Kroniky Protizemě.  |n Část 1,  |p Válečník z planety Gor /  |c John Norman ; [překlad: Vladimír Kejval] 
246 3 0 |a Válečník z planety Gor 
246 3 0 |a Kroniky Protizemě 
260 |a Praha :  |b United Fans,  |c 1996 
300 |a 173 s. :  |b il. ;  |c 18 cm 
490 1 |a Poutník ;  |v č. 21 
655 7 |a americké romány  |7 fd131796  |2 czenas 
655 7 |a fantasy romány  |7 fd184199  |2 czenas 
700 1 |a Kejval, Vladimír,  |d 1962-  |7 jx20050510006  |4 trl 
765 0 |t Tarsmar of Gor  |9 Česky 
830 0 |a Poutník (United Fans) 
910 |a BOA001  |b 1-1024.894,1 
990 |a BK 
991 |f B-NOR 
996 6 |b 2610042113  |c 1-1024.894,1  |l MZK  |r Sklad / do 1 hodiny  |n 28  |p p.v.  |w 000092263  |u 000010  |a 1  |e BOA001  |j MZK50  |s P